000 00275nam a22001337a 4500
008 180226b xxu||||| |||| 00| 0 eng d
020 _a0435085786
041 _aeng
080 _a375.2
100 _a25
101 _aEDU
245 _aINVATIONS
_cREGIE.R
942 _2udc
_cBK
999 _c43509
_d43509